|
|
|
|
| LEADER |
00984cam a2200253 7i4500 |
| 001 |
0000059908 |
| 005 |
20210702090000.0 |
| 020 |
|
|
|a 9781315731568 (electronic book)
|
| 090 |
0 |
0 |
|a NC997
|b .L49 2017
|
| 100 |
1 |
|
|a Lewis, Karen
|
| 245 |
1 |
0 |
|a Graphic design for architects :
|b a manual for visual communication
|c written and designed by Karen Lewis.
|
| 264 |
|
|
|a Geneseo, NY:
|b Open SUNY Textbooks,
|c 2017.
|
| 300 |
|
|
|a 1 online resource (217 pages):
|b colour illustrations, text file, PDF.
|
| 336 |
|
|
|a text
|2 rdacontent
|
| 337 |
|
|
|a computer
|2 rdamedia
|
| 338 |
|
|
|a online resource
|2 rdacarrier
|
| 650 |
|
0 |
|a Graphic arts
|
| 650 |
|
0 |
|a Communication in architecture
|
| 650 |
|
0 |
|a Visual communication
|
| 655 |
|
0 |
|a Electronic books
|
| 856 |
4 |
2 |
|u http://library.unisel.edu.my/web/guest/mylibrary
|
| 997 |
|
|
|a Communication, Visual Art & Computing, Faculty
|b Visual Art, Department
|
| 998 |
|
|
|a Digital Graphic Design, Degree
|
| 999 |
|
|
|a EBO0005523
|b EBOOK
|c EBOOK
|e Electronic resources
|